000 00820nam a2200229Ia 4500
003 GCL
008 140319s9999 xx 000 0 ara d
040 _aGCL /
_cGCL
082 0 4 _a303.483
_bر س
100 1 _aمصطفى ابراهيم فهمى
245 1 0 _aساعتنا الاخيرة :
_b( انذار من عالم ) /
_cمصطفى ابراهيم فهمى
700 1 _aريز، مارتن
250 _aالاولى
260 _aالقاهرة :
_bدار العين للنشر ،
_c2006
300 _a268 ص ؛
_c24 سم
650 0 4 _aالعلم والحضارة
650 0 4 _aالتطور الاجتماعى
650 0 4 _aالتكنولوجيا - الجوانب الاجتماعية
650 0 4 _aالتكنولوجيا - مزايا
650 0 4 _aالتكنولوجيا - مخاطر
942 _2ddc
_cBK
999 _c9775
_d9775